Universidad contemporánea: antecedentes y experiencias internacionales
Saved in:
| Hovedforfatter: | |
|---|---|
| Format: | Bog |
| Sprog: | spansk |
| Udgivet: |
Santiago
CPU
1980
|
| Fag: | |
| Tags: |
Tilføj Tag
Ingen Tags, Vær først til at tagge denne postø!
|
MARC
| LEADER | 00000cam a2200000 a 4500 | ||
|---|---|---|---|
| 001 | UCY9441 | ||
| 003 | CL-VaPUC | ||
| 008 | 950717e19800000CL |||||||||||||||||spa|d | ||
| 082 | 0 | 4 | |a 378.11 |b LAV |2 21 |
| 100 | |a Lavados Montes, Iván |e author |9 761237 | ||
| 245 | 1 | 0 | |a Universidad contemporánea: antecedentes y experiencias internacionales |
| 300 | |a 306 p | ||
| 942 | |c BK | ||
| 945 | |d 19950717 00:00:00 |a mfernand | ||
| 260 | |a Santiago |b CPU |c 1980 | ||
| 650 | 0 | |a Universidades |9 256317 | |
| 650 | 0 | |a Educación superior |9 223851 | |
| 650 | 0 | |a Ciencia y tecnología |9 260585 | |
| 650 | 7 | |a EDUCACION Y DESARROLLO |2 CL-VaPUC |9 324696 | |
| 650 | 0 | |a Profesores universitarios |9 328378 | |
| 650 | 0 | |a Dinámica social |9 334923 | |
| 651 | 0 | |a América Latina |9 255027 | |
| 651 | 0 | |a Inglaterra |9 255158 | |
| 651 | 0 | |a Costa Rica |9 225304 | |
| 651 | 0 | |a Argentina |9 254888 | |
| 583 | |a last modification |c 20120426 01:01:15 |k Rodrigo Vera | ||
| 999 | |c 236533 |d 236531 | ||
| 952 | |0 0 |1 0 |4 0 |6 378_110000000000000_LAV_1980 |7 0 |8 P |9 244672 |a BIBEDU |b BIBEDU |c BIBEDU_PB |d 2019-11-18 |i 1533320 |o 378.11 LAV 1980 |p 1533320 |r 2019-11-18 |w 2019-11-18 |y BK |k EDU | ||
| 952 | |0 0 |1 0 |4 0 |6 378_110000000000000_LAV_1980 |7 0 |8 P |9 244673 |a BIBEDU |b BIBEDU |c BIBEDU_PB |d 2019-11-18 |i 1533339 |o 378.11 LAV 1980 |p 1533339 |r 2019-11-18 |w 2019-11-18 |y BK |k EDU | ||
| 952 | |0 0 |1 0 |4 0 |6 378_110000000000000_LAV_1980 |7 0 |8 P |9 244674 |a BIBEDU |b BIBEDU |c BIBEDU_PB |d 2019-11-18 |i 160239K |o 378.11 LAV 1980 |p 160239K |r 2019-11-18 |w 2019-11-18 |y BK |k EDU | ||
| 952 | |0 0 |1 0 |4 0 |6 378_110000000000000_LAV_1980 |7 0 |8 A |9 244675 |a BIBENE |b BIBENE |d 2019-11-18 |i 1401335 |o 378.11 LAV 1980 |p 1401335 |r 2025-01-15 |w 2019-11-18 |y BK |k ICO | ||
| 952 | |0 0 |1 0 |4 0 |6 378_110000000000000_LAV_1980 |7 0 |8 A |9 244676 |a BIBHIS |b BIBHIS |d 2019-11-18 |i 4855728 |o 378.11 LAV 1980 |p 4855728 |r 2025-01-20 |w 2019-11-18 |y BK |k HIS | ||